00553nam a2200193 a 4500001001300000003000900013005001700022008004100039020000900080082001500089100002700104245007700131260003900208300000900247500003500256505002200291650001900313700002700332nice12345678IN_TiNIC20260116011309.0050524s1960 ajma grp 000 0 eng  ac1600a297.4bBEG aBegg, Mirza Wahiduddin aHoly Biographyb Hazrat Khwaja Muinuddin Hasan Chishti, Holy St.Of Ajmer aAjmerbBeggs` Office Topdarac1960 a176p aincludes index and biblioraphy2 aill, bibliography aSufism-Chishti1 aBegg, Mirza Wahiduddin